00246nam a2200097Ia 4500001000800000005001700008008004100025020001800066245004500084260001900129127603320260417160439.0260417s9999 xx 000 0 und d a9786256999558 0aKüçük ŞehzadecCahit Zarifoğlu bKetebe Çocuk